Geboren in Leverkusen - Statistiken

Allgemein
  • Dieses Quiz wurde 45 mal gespielt
    15 seit der letzten Aktualisierung
  • Das Durchschnittsergebnis liegt bei 2 aus 6
Antwortstatistiken
Hinweis Antwort % Korrekt
Komiker, Schauspieler und Moderator, "Take Me Out" "7 Zwerge" 1974 Ralf Schmitz
83%
Frontmann der Band "Höhner" 1957 Henning Krautmacher
33%
früherer NBA-Spieler, Seattle Supersonics 1963 Detlef Schrempf
25%
Fußballfunktionär, langjähriger DFL-Geschäfsführer und seit 2023 DFB-Geschäftsführer Sport 1963 Andreas Rettig
8%
Fernsehschauspielerin, "Verbotene Liebe" 1986 Lilli Hollunder
8%
Handballnationalspieler, Hannover-Burgdorf 1998 Lukas Stutzke
0%
Keine übereinstimmenden Quizze gefunden
Verteilung der Resultate
Anzahl Personen mit jedem Resultat
Perzentil nach korrekt beantworteten Fragen
Ihre Resultats-Entwicklung
Sie haben dieses Quiz seit der letzten Aktualisierung nicht gespielt